00339nam a2200121Ia 450000500170000000800410001708200160005810000190007424500400009326000380013330000120017150000340018320240619013938.0240331s9999 xx 000 0 und d bGANa891.48 aGanesalingan,S 0aApalaiyin kadithamcS.Ganeshalingan aChennaibKumaran Publishersc2003 a86 p ., aA Short Novel by stefen Zweig